Mozaikcsaládon belüli kapcsolatok és megítélésük egy vizsgálat tükrében

Bibliographic Details
Main Author: Magyari Réka Zsófia
Other Authors: Hédi Dr. Csaba
Format: Thesis
Kulcsszavak:mozaikcsalád
patchwork
családszociológia
Online Access:http://dolgozattar.uni-bge.hu/21104

MARC

LEADER 00000nta a2200000 i 4500
001 dolg21104
005 20190906130918.0
008 190514suuuu hu om 000 hun d
040 |a BGE Dolgozattár Repozitórium  |b hun 
041 |a hu 
100 1 |a Magyari Réka Zsófia 
245 1 0 |a Mozaikcsaládon belüli kapcsolatok és megítélésük egy vizsgálat tükrében  |c Magyari Réka Zsófia  |h [elektronikus dokumentum] 
695 |a mozaikcsalád 
695 |a patchwork 
695 |a családszociológia 
700 1 |a Hédi Dr. Csaba  |e ths 
856 4 0 |u http://dolgozattar.uni-bge.hu/21104/1/Magyari%20R%C3%A9ka%20Zs%C3%B3fia_M50AC7_ANDR.pdf  |z Dokumentum-elérés